[Event "Gibraltar Masters 2015"]
[Site "Caleta ENG"]
[Date "2015.01.27"]
[Round "1.27"]
[White "Anton Guijarro, David"]
[Black "Balogun, Oluwafemi"]
[Result "1-0"]
[WhiteTitle "GM"]
[BlackTitle "CM"]
[WhiteElo "2617"]
[BlackElo "2193"]
[WhiteFideId "2285525"]
[BlackFideId "8501246"]
[EventDate "2015.01.27"]

1. e4 d6 2. d4 Nf6 3. Nc3 g6 4. Be3 a6 5. f3 b5 6. Qd2 Nbd7 7. g4 Nb6 8. g5 Nh5
9. a4 b4 10. Nd1 a5 11. c3 bxc3 12. Nxc3 Bg7 13. Bd3 O-O 14. Nge2 e5 15. dxe5
dxe5 16. Rd1 Qe7 17. Bxb6 cxb6 18. Nd5 Qb7 19. Bb5 Qa7 20. Bc6 Rb8 21. Nec3 Ba6
22. Qf2 Rfd8 23. Bb5 Bf8 24. Rd3 Bc5 25. Qd2 Kh8 26. h4 Bb7 27. Nf6 Rxd3 28.
Qxd3 Nxf6 29. gxf6 Bd4 30. Ne2 Rd8 31. Qc4 Bc8 32. Nxd4 exd4 33. h5 g5 34. h6
Be6 35. Qc1 Rg8 36. Rg1 g4 37. f4 Qb7 38. Bd3 Qb8 39. Qd2 Qf8 40. f5 Bd7 41. Bc4
Be8 42. Bd5 Qc5 43. Kf2 Qd6 44. Kg2 Qe5 45. b3 Bd7 46. Rd1 Rc8 47. Qg5 Rg8 48.
Qd2 Rc8 49. Rc1 Bxf5 50. Rxc8+ Bxc8 51. Qc1 Bd7 52. Qa3 Kg8 53. Qe7 Qxe7 54.
fxe7 b5 55. axb5 Bxb5 56. Kf2 a4 57. bxa4 Bxa4 58. e5 Bd7 59. Ke2 Bb5+ 60. Kd2
g3 61. Kc2 Kh8 62. Kb3 d3 63. Kc3 Kg8 64. Kd2 Kh8 65. Be4 Kg8 66. Bxd3 Be8 67.
Ke3 f5 68. Bc4+ Kh8 69. Bd5 Bd7 70. Kf4 g2 71. Bxg2 Be8 72. Kxf5 Bd7+ 73. e6 Be8
74. Ke5 Bg6 75. Bc6 1-0

[Event "Gibraltar Masters 2015"]
[Site "Caleta ENG"]
[Date "2015.01.27"]
[Round "1.28"]
[White "Byron, Alan M"]
[Black "Lenderman, Aleksandr"]
[Result "0-1"]
[BlackTitle "GM"]
[WhiteElo "2188"]
[BlackElo "2614"]
[WhiteFideId "401773"]
[BlackFideId "2021285"]
[EventDate "2015.01.27"]

1. e4 e6 2. d3 b6 3. g3 Bb7 4. Bg2 Nf6 5. Nd2 d5 6. exd5 Bxd5 7. Ngf3 Be7 8. O-O
O-O 9. a4 a5 10. Nb1 Na6 11. b3 Nd7 12. Bb2 Bf6 13. Bxf6 Qxf6 14. Na3 Nb4 15.
Nd2 Nc5 16. Ndc4 Rad8 17. Qe2 Nc6 18. Nb5 Bxc4 19. dxc4 Nd4 20. Nxd4 Rxd4 21.
Rad1 Rfd8 22. Bf3 e5 23. Qe3 g6 24. Rfe1 Kg7 25. Kg2 R8d7 26. h4 h6 27. Be2 Qf5
28. Bf3 R7d6 29. Rc1 Rf6 30. Be2 c6 31. Rf1 Rfd6 32. Rfd1 h5 33. c3 Rxd1 34.
Rxd1 Rxd1 35. Bxd1 Qe4+ 36. Qxe4 Nxe4 37. Bf3 Nd2 38. Bxc6 Nxb3 39. Bd5 Nd2 40.
f3 Nb1 41. Kf2 Nxc3 42. Bc6 Kf6 43. Ke3 g5 44. Kd2 gxh4 45. gxh4 Na2 46. Bb7 Nb4
47. Kc3 Ke6 48. c5 bxc5 49. Kc4 Kd6 50. Kb5 Nd5 51. Kxa5 c4 52. Ba6 Kc5 53. Bb5
c3 0-1

[Event "Gibraltar Masters 2015"]
[Site "Caleta ENG"]
[Date "2015.01.27"]
[Round "1.29"]
[White "Bologan, Viktor"]
[Black "Veltkamp, Gerben"]
[Result "1-0"]
[WhiteTitle "GM"]
[WhiteElo "2608"]
[BlackElo "2175"]
[WhiteFideId "13900048"]
[BlackFideId "4631307"]
[EventDate "2015.01.27"]

1. Nf3 Nc6 2. d4 d5 3. c4 Bg4 4. Nc3 e6 5. cxd5 exd5 6. Bf4 Bb4 7. Ne5 Qf6 8. g3
h5 9. Nxc6 Qxc6 10. Rc1 Qd7 11. Bxc7 Ne7 12. Bf4 Nc6 13. h3 Be6 14. a3 Ba5 15.
Bg2 Bb6 16. Na4 Bxd4 17. Rxc6 Bxf2+ 18. Kxf2 bxc6 19. Qd4 f6 20. Nc5 Qe7 21. e4
dxe4 22. Nxe6 Qxe6 23. Qxe4 Kf7 24. Qxe6+ Kxe6 25. Re1+ Kf7 26. Bxc6 Rad8 27.
Re4 g5 28. Be3 Rd6 29. Rc4 h4 30. g4 Rhd8 31. Be4 R8d7 32. b4 Rd1 33. Rc1 Rxc1
34. Bxc1 Rd1 35. Be3 Ra1 36. Bxa7 Ra2+ 37. Kf3 Rxa3+ 38. Be3 Ke6 39. b5 Rb3 40.
b6 Ke5 41. Bf5 Rb2 42. Bc8 1-0

[Event "Gibraltar Masters 2015"]
[Site "Caleta ENG"]
[Date "2015.01.27"]
[Round "1.30"]
[White "Hellwig, Tobias"]
[Black "Salem, A.R. Saleh"]
[Result "0-1"]
[BlackTitle "GM"]
[WhiteElo "2172"]
[BlackElo "2603"]
[WhiteFideId "4695429"]
[BlackFideId "9301348"]
[EventDate "2015.01.27"]

1. d4 Nf6 2. Nf3 g6 3. g3 Bg7 4. Bg2 O-O 5. O-O d6 6. Nbd2 Nfd7 7. e4 c5 8. d5
b5 9. a4 b4 10. Re1 a5 11. Nc4 Nb6 12. Nxb6 Qxb6 13. e5 Bg4 14. Bg5 Bxe5 15. Qc1
Bxf3 16. Bxf3 Bf6 17. Bxf6 exf6 18. Qf4 Nd7 19. Re7 Ne5 20. Qxf6 Rfe8 21. Rxe8+
Rxe8 22. Kg2 b3 23. cxb3 Nd3 24. Qc3 c4 25. Rf1 Qxb3 26. Qxa5 Qxb2 27. Qa6 Re1 0-1

[Event "Gibraltar Masters 2015"]
[Site "Caleta ENG"]
[Date "2015.01.27"]
[Round "1.31"]
[White "Grandelius, Nils"]
[Black "Zimmermann, Rene"]
[Result "1-0"]
[WhiteTitle "GM"]
[WhiteElo "2602"]
[BlackElo "2172"]
[WhiteFideId "1710400"]
[BlackFideId "24624349"]
[EventDate "2015.01.27"]

1. c4 c5 2. g3 Nf6 3. Bg2 e6 4. Nf3 Be7 5. Nc3 O-O 6. O-O d6 7. d4 cxd4 8. Nxd4
a6 9. b3 Qc7 10. Bb2 Bd7 11. Rc1 Nc6 12. Nd5 Qd8 13. Nxe7+ Qxe7 14. Ba3 Rfd8 15.
e4 Nxd4 16. Qxd4 Bc6 17. Rfd1 Ne8 18. Qb6 Rd7 19. Rd2 Qd8 20. Qe3 Qa5 21. Bb2
Rad8 22. Bd4 Qh5 23. Bb6 Rc8 24. b4 Nf6 25. f3 Ne8 26. Rd3 f5 27. b5 axb5 28.
exf5 Qxf5 29. cxb5 Qxb5 30. Qxe6+ Kh8 31. Rb3 Qa4 32. Bh3 Nf6 33. Qc4 Qxa2 34.
Re3 Qxc4 35. Rxc4 Rf8 36. Bxd7 Nxd7 37. Bd4 Bxf3 38. Rc7 Ne5 39. Bxe5 dxe5 40.
Rxf3 1-0

[Event "Gibraltar Masters 2015"]
[Site "Caleta ENG"]
[Date "2015.01.27"]
[Round "1.32"]
[White "Heinemann, Josefine"]
[Black "Ganguly, Surya Shekhar"]
[Result "0-1"]
[BlackTitle "GM"]
[WhiteElo "2160"]
[BlackElo "2595"]
[WhiteFideId "12900460"]
[BlackFideId "5002150"]
[EventDate "2015.01.27"]

1. e4 e5 2. Nf3 Nc6 3. Bb5 g6 4. c3 a6 5. Ba4 d6 6. d4 Bd7 7. O-O Bg7 8. Bg5 Nf6
9. Qe2 h6 10. Bh4 b5 11. Bb3 O-O 12. dxe5 Nxe5 13. Nxe5 dxe5 14. Rd1 Qe7 15. Nd2
Qc5 16. Nf3 Bc6 17. Bxf6 Bxf6 18. Bd5 Rad8 19. b4 Qb6 20. Rac1 Bxd5 21. exd5
Rfe8 22. c4 e4 23. Nd2 e3 24. fxe3 Rxe3 25. Qf2 Re1+ 26. Rxe1 Bd4 27. Re2 bxc4
28. Nxc4 Bxf2+ 29. Rxf2 Qd4 30. Na5 Rxd5 31. Nc6 Qe3 32. Rf1 Rd2 0-1

[Event "Gibraltar Masters 2015"]
[Site "Caleta ENG"]
[Date "2015.01.27"]
[Round "1.33"]
[White "Roiz, Michael"]
[Black "Heer, Stephan"]
[Result "1-0"]
[WhiteTitle "GM"]
[WhiteElo "2592"]
[BlackElo "2157"]
[WhiteFideId "2804158"]
[BlackFideId "1302345"]
[EventDate "2015.01.27"]

1. c4 e5 2. Nc3 Nf6 3. Nf3 Nc6 4. a3 h6 5. d3 a5 6. g3 Bc5 7. Bg2 O-O 8. O-O Re8
9. e3 d5 10. cxd5 Nxd5 11. Nxd5 Qxd5 12. d4 Bg4 13. h3 Bxf3 14. Bxf3 e4 15. dxc5
Qxc5 16. Bg2 Rad8 17. Qe2 f5 18. b4 axb4 19. axb4 Qxb4 20. Qa2+ Kh7 21. Rb1 Qa5
22. Qxa5 Nxa5 23. Rb5 1-0

[Event "Gibraltar Masters 2015"]
[Site "Caleta ENG"]
[Date "2015.01.27"]
[Round "1.34"]
[White "Krockenberger, Martin"]
[Black "Vazquez Igarza, Renier"]
[Result "0-1"]
[WhiteTitle "FM"]
[BlackTitle "GM"]
[WhiteElo "2152"]
[BlackElo "2592"]
[WhiteFideId "4602552"]
[BlackFideId "3503054"]
[EventDate "2015.01.27"]

1. Nf3 Nf6 2. c4 b6 3. g3 Bb7 4. Bg2 e6 5. O-O Be7 6. b3 O-O 7. Bb2 d5 8. e3 c5
9. Nc3 Nbd7 10. Qe2 Re8 11. Rad1 dxc4 12. bxc4 a6 13. Ne1 Bxg2 14. Nxg2 b5 15.
f4 b4 16. Nb1 Qa5 17. a3 Rab8 18. d3 bxa3 19. Nxa3 Rb3 20. Ra1 Qb4 21. Ra2 Rb8
22. Bc1 Qc3 23. Rd1 g6 24. Ne1 Qb4 25. Nac2 Qb6 26. Nf3 Qc6 27. e4 Ne8 28. Ne3
Nc7 29. g4 Bf6 30. g5 Bg7 31. Ng4 Rb1 32. e5 Kf8 33. Nd2 R1b7 34. Ne4 Ne8 35.
Qg2 Rb1 36. Ngf6 Ke7 37. Nxd7 Qxd7 38. Nxc5 Qd4+ 39. Qf2 Bxe5 40. Nxa6 R8b3 41.
Kf1 Qxf2+ 42. Rxf2 Bd4 43. Rc2 Ra1 0-1

[Event "Gibraltar Masters 2015"]
[Site "Caleta ENG"]
[Date "2015.01.27"]
[Round "1.35"]
[White "Mareco, Sandro"]
[Black "Schneider, German"]
[Result "1-0"]
[WhiteTitle "GM"]
[WhiteElo "2583"]
[BlackElo "2150"]
[WhiteFideId "112275"]
[BlackFideId "12975591"]
[EventDate "2015.01.27"]

1. Nf3 d5 2. c4 e6 3. g3 c6 4. Bg2 f5 5. O-O Nf6 6. b3 Bd6 7. Bb2 O-O 8. Qc2 Qe7
9. Nc3 e5 10. cxd5 Nxd5 11. d3 Nd7 12. Nd2 N7f6 13. Nc4 Bc7 14. Nxd5 Nxd5 15. e4
Nb4 16. Qe2 c5 17. a3 Nc6 18. exf5 Bxf5 19. Rfe1 Rad8 20. Nxe5 Nxe5 21. Bxe5
Bxd3 22. Qb2 Bb6 23. Bf4 Qf7 24. Be3 Rd6 25. Rad1 h6 26. Rd2 Rfd8 27. Red1 c4
28. bxc4 Qxc4 29. Bxb6 Rxb6 30. Qa2 Rf8 31. Bd5+ 1-0

[Event "Gibraltar Masters 2015"]
[Site "Caleta ENG"]
[Date "2015.01.27"]
[Round "1.36"]
[White "Herman, Diego"]
[Black "Nabaty, Tamir"]
[Result "0-1"]
[BlackTitle "GM"]
[WhiteElo "2148"]
[BlackElo "2579"]
[WhiteFideId "104833"]
[BlackFideId "2809052"]
[EventDate "2015.01.27"]

1. e4 c6 2. Ne2 d5 3. e5 d4 4. c3 c5 5. Nf4 e6 6. Qf3 Nc6 7. Bb5 Bd7 8. O-O a6
9. Bxc6 Bxc6 10. Qh3 Qg5 11. Nd3 h5 12. Na3 Qg4 13. f3 Qxh3 14. gxh3 dxc3 15.
dxc3 O-O-O 16. Nf4 Ne7 17. Be3 Nf5 18. Kf2 g5 19. Ng2 g4 20. Bg5 Be7 21. Bxe7
Rd2+ 22. Ke1 Rxg2 23. Bxc5 Bxf3 24. Rf2 Rd8 25. Rc1 Rd5 26. Bd4 Nxd4 27. cxd4+ 0-1

[Event "Gibraltar Masters 2015"]
[Site "Caleta ENG"]
[Date "2015.01.27"]
[Round "1.37"]
[White "Felgaer, Ruben"]
[Black "Seyfried, Claus"]
[Result "1-0"]
[WhiteTitle "GM"]
[WhiteElo "2575"]
[BlackElo "2147"]
[WhiteFideId "107069"]
[BlackFideId "1271085"]
[EventDate "2015.01.27"]

1. e4 e5 2. Nf3 Nf6 3. Nxe5 d6 4. Nc4 Nxe4 5. Qe2 Qe7 6. Ne3 Be6 7. d4 d5 8. Nd2
Nxd2 9. Bxd2 Nc6 10. c3 Qd7 11. Qf3 Be7 12. Bd3 Bf6 13. O-O O-O 14. h3 Rae8 15.
Nf5 Bxf5 16. Bxf5 Qd8 17. Bc2 Re6 18. Bf5 Re7 19. h4 Rfe8 20. g3 Re2 21. Qd3 g6
22. Bg4 R2e4 23. Bf3 R4e6 24. Qb5 Bxd4 25. cxd4 Nxd4 26. Qd3 Nxf3+ 27. Qxf3 Re2
28. Rad1 1-0

[Event "Gibraltar Masters 2015"]
[Site "Caleta ENG"]
[Date "2015.01.27"]
[Round "1.38"]
[White "Varga, Klara"]
[Black "Hansen, Eric"]
[Result "0-1"]
[WhiteTitle "WIM"]
[BlackTitle "GM"]
[WhiteElo "2145"]
[BlackElo "2574"]
[WhiteFideId "733210"]
[BlackFideId "2606771"]
[EventDate "2015.01.27"]

1. b3 e5 2. Bb2 Nc6 3. e3 Nf6 4. Bb5 e4 5. Ne2 a6 6. Bxc6 dxc6 7. h3 Bd6 8. O-O
Qe7 9. d3 Bf5 10. Nd4 Bg6 11. dxe4 Nxe4 12. Nc3 c5 13. Nxe4 Bxe4 14. Nf3 O-O-O
15. Qe2 Rhg8 16. Rac1 g5 17. Nd2 Bf5 18. Qf3 Qe6 19. e4 Bg6 20. Rce1 Bf4 21. Nc4
Rge8 22. e5 Bxc2 23. g3 Qxh3 24. Na5 c6 25. Nxc6 Rd3 26. Re3 Bxe3 27. fxe3 Rd2 0-1

[Event "Gibraltar Masters 2015"]
[Site "Caleta ENG"]
[Date "2015.01.27"]
[Round "1.39"]
[White "Sandipan, Chanda"]
[Black "Tscharotschkin, Michael"]
[Result "1-0"]
[WhiteTitle "GM"]
[WhiteElo "2574"]
[BlackElo "2144"]
[WhiteFideId "5004225"]
[BlackFideId "4619510"]
[EventDate "2015.01.27"]

1. d4 d5 2. c4 e6 3. Nc3 Nf6 4. cxd5 exd5 5. Bg5 Be7 6. e3 c6 7. Bd3 Nbd7 8. Nf3
h6 9. Bh4 Ne4 10. Bxe7 Qxe7 11. Qc2 Nxc3 12. Qxc3 O-O 13. O-O Nf6 14. b4 Ne4 15.
Qb2 a6 16. a4 Nd6 17. b5 axb5 18. axb5 Bf5 19. Bxf5 Nxf5 20. bxc6 bxc6 21. Rfc1
Rxa1 22. Qxa1 Qb7 23. Ne5 Ne7 24. h3 f6 25. Nd3 Ra8 26. Qc3 Kf7 27. Qc2 Ra3 28.
Nc5 Qa7 29. Qd1 g6 30. Rb1 h5 31. g4 h4 32. Kg2 Qa8 33. Qf3 Ra7 34. Qf4 g5 35.
Qd6 Qc8 36. Rb8 Qc7 37. Rf8+ 1-0

[Event "Gibraltar Masters 2015"]
[Site "Caleta ENG"]
[Date "2015.01.27"]
[Round "1.40"]
[White "Bar, Aviv"]
[Black "Stefansson, Hannes"]
[Result "0-1"]
[BlackTitle "GM"]
[WhiteElo "2142"]
[BlackElo "2573"]
[WhiteFideId "2806339"]
[BlackFideId "2300087"]
[EventDate "2015.01.27"]

1. e4 c5 2. Nf3 e6 3. d4 cxd4 4. Nxd4 Nc6 5. Nc3 Qc7 6. Be3 a6 7. Qf3 b5 8. Nxc6
Qxc6 9. Bd3 Bb7 10. O-O-O Nf6 11. Bd4 Be7 12. Rhe1 Qc7 13. Qg3 Qxg3 14. hxg3 d6
15. f3 O-O 16. Kb1 Nd7 17. a4 b4 18. Na2 a5 19. Bb5 Rfd8 20. Nc1 Ba6 21. Bxa6
Rxa6 22. Nb3 Rc8 23. Rd2 Kf8 24. Red1 Bg5 25. Rd3 Bd8 26. Be3 Ke7 27. Bg5+ f6
28. Bf4 Bc7 29. g4 h6 30. Bg3 Rd8 31. Rd4 Nb6 32. Bf2 Rb8 33. R4d3 Nxa4 34. Nc5
Nxc5 35. Bxc5 a4 36. Bd4 Rc8 37. Be3 Rc6 38. R3d2 Ba5 39. Bf4 b3 40. c3 Bc7 41.
Rd3 Ra8 42. Bc1 Bb6 43. Be3 Bxe3 44. Rxe3 a3 45. bxa3 Rxa3 46. Rd4 Ra2 47. Rb4
Rxg2 48. Rxb3 Rc7 49. Rb2 Rxb2+ 50. Kxb2 e5 51. Rd3 Ke6 52. Rd1 g6 53. Kc2 h5
54. gxh5 gxh5 55. Kd3 h4 56. Rh1 Rh7 57. Ke3 f5 58. Kf2 f4 59. Kg2 Kd7 0-1

[Event "Gibraltar Masters 2015"]
[Site "Caleta ENG"]
[Date "2015.01.27"]
[Round "1.41"]
[White "Bok, Benjamin"]
[Black "Havik, Victor"]
[Result "1/2-1/2"]
[WhiteTitle "GM"]
[WhiteElo "2572"]
[BlackElo "2137"]
[WhiteFideId "1017063"]
[BlackFideId "1506757"]
[EventDate "2015.01.27"]

1. e4 e5 2. Nf3 Nc6 3. Bb5 a6 4. Ba4 Nf6 5. O-O Be7 6. Re1 b5 7. Bb3 d6 8. c3
O-O 9. h3 Na5 10. Bc2 c5 11. d4 Qc7 12. Nbd2 Be6 13. d5 Bd7 14. b3 c4 15. Ba3
Rfe8 16. Bb4 cxb3 17. axb3 Nb7 18. Re3 Bf8 19. Ba3 a5 20. b4 g6 21. Bb2 Bh6 22.
Re1 Nh5 23. Bd3 Nf4 24. Bf1 Rf8 25. Nh2 Bg7 26. Ng4 h5 27. Ne3 Qd8 28. bxa5 Rxa5
29. Rxa5 Qxa5 30. h4 Qa2 31. Qa1 Ra8 32. g3 Nh3+ 33. Kg2 Nc5 34. Qb1 Bh6 35. Qc2
Qa7 36. Ra1 Na4 37. Nd1 Rc8 38. Nf3 Qc7 39. Qb3 Nc5 40. Qb4 f5 41. Bc1 Bxc1 42.
Rxc1 fxe4 43. Nd2 Ra8 44. Nxe4 Ra4 45. Nf6+ Kf7 46. Nxd7 Rxb4 47. cxb4 Qxd7 48.
bxc5 dxc5 49. Rxc5 Nf4+ 50. Kg1 Nxd5 1/2-1/2

[Event "Gibraltar Masters 2015"]
[Site "Caleta ENG"]
[Date "2015.01.27"]
[Round "1.42"]
[White "Burrows, Martin P"]
[Black "Mikhalevski, Victor"]
[Result "0-1"]
[BlackTitle "GM"]
[WhiteElo "2136"]
[BlackElo "2571"]
[WhiteFideId "409057"]
[BlackFideId "2801914"]
[EventDate "2015.01.27"]

1. e4 e5 2. Nf3 Nc6 3. Bb5 a6 4. Ba4 Nge7 5. c3 g6 6. d4 exd4 7. cxd4 b5 8. Bb3
Bg7 9. O-O d6 10. h3 O-O 11. Nc3 Na5 12. Bc2 c5 13. Bf4 cxd4 14. Nxd4 Nc4 15.
Rb1 Qb6 16. Nce2 Bb7 17. Qd3 d5 18. e5 Nxe5 19. Qg3 N5c6 20. Nxc6 Nxc6 21. b4
Rfe8 22. Bc7 Qa7 23. Nf4 Rac8 24. Bd6 Ne5 25. Rbc1 Nc4 26. Bc5 Qb8 27. Qh4 a5
28. Nh5 gxh5 29. Qxh5 h6 30. Qf5 Rxc5 31. bxc5 Qe5 32. Qd7 Ba6 33. c6 Bc8 34.
Qa7 Nd2 35. Rfe1 Qxe1+ 36. Rxe1 Rxe1+ 37. Kh2 Nf1+ 38. Kg1 Ne3+ 39. Kh2 Nxc2 40.
Qxa5 Re8 41. Qxb5 Be5+ 42. g3 Nd4 43. Qxd5 Be6 0-1

[Event "Gibraltar Masters 2015"]
[Site "Caleta ENG"]
[Date "2015.01.27"]
[Round "1.43"]
[White "Sengupta, Deep"]
[Black "Jurdao Perez, Marcos Ernesto"]
[Result "1-0"]
[WhiteTitle "GM"]
[WhiteElo "2569"]
[BlackElo "2131"]
[WhiteFideId "5008352"]
[BlackFideId "2231930"]
[EventDate "2015.01.27"]

1. e4 e6 2. d4 d5 3. e5 c5 4. Qg4 cxd4 5. Bd3 Nc6 6. Nf3 Qc7 7. O-O f6 8. Bxh7
Nxe5 9. Nxe5 fxe5 10. Bxg8 Rxg8 11. c3 Bc5 12. cxd4 Bxd4 13. Nc3 a6 14. Be3 Bxc3
15. bxc3 Qf7 16. Rab1 b5 17. Qg3 Qc7 18. Bd4 Bb7 19. Bxe5 Qf7 20. Rb4 Kd7 21.
Qe3 Bc6 22. Rg4 g6 23. Rd1 Rac8 24. Rh4 Ke8 25. Bd4 Qe7 26. Rh7 Qxh7 27. Qxe6+
Kd8 28. Bb6+ Rc7 29. Qxc6 Kc8 30. Bxc7 1-0

[Event "Gibraltar Masters 2015"]
[Site "Caleta ENG"]
[Date "2015.01.27"]
[Round "1.44"]
[White "Kuhne, Detlev"]
[Black "Bogner, Sebastian"]
[Result "0-1"]
[BlackTitle "GM"]
[WhiteElo "2131"]
[BlackElo "2565"]
[WhiteFideId "4642872"]
[BlackFideId "4692055"]
[EventDate "2015.01.27"]

1. c4 e5 2. Nc3 Nf6 3. g3 Nc6 4. Bg2 Bb4 5. a3 Bxc3 6. bxc3 O-O 7. d3 d6 8. e4
Nd7 9. Ne2 Nc5 10. d4 Nd7 11. O-O Na5 12. f4 Nxc4 13. f5 b5 14. g4 Bb7 15. g5
Re8 16. Ng3 d5 17. g6 hxg6 18. fxg6 fxg6 19. Qg4 Nf8 20. Bg5 Qd6 21. Rf2 exd4
22. cxd4 dxe4 23. Bxe4 Bxe4 24. Nxe4 Qe6 25. Qh4 Nh7 26. Nc3 c6 27. Raf1 Rf8 28.
Rxf8+ Rxf8 29. Rxf8+ Nxf8 30. Ne4 Qd5 31. Bf6 Qh5 32. Qf4 Qf5 33. Qh4 Ne3 0-1

[Event "Gibraltar Masters 2015"]
[Site "Caleta ENG"]
[Date "2015.01.27"]
[Round "1.45"]
[White "Oparin, Grigoriy"]
[Black "Beltz, Franziska"]
[Result "1-0"]
[WhiteTitle "GM"]
[BlackTitle "WFM"]
[WhiteElo "2551"]
[BlackElo "2130"]
[WhiteFideId "24125890"]
[BlackFideId "4681401"]
[EventDate "2015.01.27"]

1. d4 Nf6 2. c4 g6 3. Nc3 d5 4. cxd5 Nxd5 5. Bd2 Bg7 6. e4 Nb6 7. Be3 O-O 8. h3
e5 9. d5 c6 10. Qb3 Kh8 11. Nf3 N8d7 12. Rd1 cxd5 13. exd5 f5 14. Ng5 Nf6 15.
Bc5 Bh6 16. Ne6 Bxe6 17. dxe6 Qc7 18. Bxf8 Rxf8 19. Be2 e4 20. Nb5 Qe5 21. Nd6
Qa5+ 22. Kf1 Bf4 23. e7 Rg8 24. Qe6 1-0

[Event "Gibraltar Masters 2015"]
[Site "Caleta ENG"]
[Date "2015.01.27"]
[Round "1.46"]
[White "Walton, Alan J"]
[Black "Chirila, Ioan-Cristian"]
[Result "0-1"]
[WhiteTitle "CM"]
[BlackTitle "GM"]
[WhiteElo "2129"]
[BlackElo "2548"]
[WhiteFideId "409898"]
[BlackFideId "1211668"]
[EventDate "2015.01.27"]

1. d4 Nf6 2. Bg5 d5 3. Nd2 Nbd7 4. e3 c5 5. Ngf3 e6 6. c3 Be7 7. Bd3 O-O 8. O-O
b6 9. Qe2 Bb7 10. e4 dxe4 11. Nxe4 Bxe4 12. Bxe4 Nxe4 13. Bxe7 Nxc3 14. bxc3
Qxe7 15. d5 Nf6 16. dxe6 Qxe6 17. Qxe6 fxe6 18. Rfe1 Rfe8 19. Rad1 Rad8 20. Rxd8
Rxd8 21. Rxe6 Rd1+ 22. Ne1 Kf7 23. Re3 Nd5 24. Rf3+ Ke6 25. Kf1 Rc1 26. Rg3 g6
27. Rh3 Rxc3 0-1

[Event "Gibraltar Masters 2015"]
[Site "Caleta ENG"]
[Date "2015.01.27"]
[Round "1.49"]
[White "Troff, Kayden W"]
[Black "Daneri, Martin"]
[Result "1-0"]
[WhiteTitle "GM"]
[BlackTitle "CM"]
[WhiteElo "2541"]
[BlackElo "2123"]
[WhiteFideId "2047896"]
[BlackFideId "104981"]
[EventDate "2015.01.27"]

1. d4 Nf6 2. c4 c5 3. d5 e6 4. Nc3 exd5 5. cxd5 d6 6. Nf3 g6 7. g3 Bg7 8. Bg2
O-O 9. O-O a6 10. a4 Re8 11. Re1 Ne4 12. Nxe4 Rxe4 13. Qc2 Re8 14. Bd2 Nd7 15.
Bc3 Rb8 16. a5 Ne5 17. Bxe5 Bxe5 18. Nxe5 Rxe5 19. b4 cxb4 20. Qc4 b5 21. Qxb4
Bb7 22. Rac1 Re7 23. e4 f6 24. Bh3 Rc7 25. Qd4 Kg7 26. f4 Bc8 27. Bg2 Rbb7 28.
e5 Kf7 29. Rxc7+ Qxc7 30. exd6 Qxa5 31. Re6 Qd8 32. g4 Rd7 33. Qc5 Bb7 34. f5 g5
35. Qe3 Bc8 36. Qc5 Bb7 37. h4 h6 38. hxg5 hxg5 39. Qe3 Bc8 40. Qh3 Rxd6 41.
Qh7+ Kf8 42. Rxd6 Qxd6 43. Qh8+ Kf7 44. Qxc8 Qb6+ 45. Kh1 Qf2 46. Qe6+ Kg7 47.
Qe7+ Kg8 48. Qe8+ Kg7 49. Qg6+ Kf8 50. Qxf6+ Ke8 51. Qe6+ Kd8 52. d6 1-0

[Event "Gibraltar Masters 2015"]
[Site "Caleta ENG"]
[Date "2015.01.27"]
[Round "1.50"]
[White "Spraggett, Kevin"]
[Black "Godinho Marques, Pedro"]
[Result "0-1"]
[WhiteTitle "GM"]
[WhiteElo "2538"]
[BlackElo "1950"]
[WhiteFideId "2600013"]
[BlackFideId "1928414"]
[EventDate "2015.01.27"]

1. d4 Nf6 2. c4 e6 3. Nc3 Bb4 4. Qc2 d5 5. a3 Bxc3+ 6. Qxc3 O-O 7. Nf3 b6 8. Bg5
dxc4 9. Qxc4 Ba6 10. Qa4 Bb7 11. e3 Qd5 12. Bxf6 gxf6 13. Be2 Kh8 14. Rc1 Bc6
15. Qc2 Rg8 16. O-O a5 17. b3 Bb7 18. Qxc7 Nd7 19. Qf4 f5 20. h3 Qxb3 21. Rc7
Qd5 22. Rfc1 Rad8 23. a4 Rg7 24. Kh2 Nf8 25. Bc4 Qe4 26. Qxe4 Bxe4 27. Ne1 f6
28. Bb5 Rxc7 29. Rxc7 f4 30. f3 Bg6 31. exf4 Rxd4 32. Nc2 Rxf4 33. Ne3 Rd4 34.
Nc4 Bd3 35. Nxb6 Bxb5 36. axb5 Rb4 37. Nc4 Rxb5 38. Ra7 Rb4 39. Nxa5 Ng6 40. Nc6
Rb2 41. Kg3 e5 42. Ne7 Nf4 43. Ra8+ Kg7 44. Nf5+ Kg6 45. Nh4+ Kh5 46. Ra4 f5 47.
Rc4 Kg5 48. Ra4 Ne2+ 0-1

[Event "Gibraltar Masters 2015"]
[Site "Caleta ENG"]
[Date "2015.01.27"]
[Round "1.53"]
[White "Mehlhorn, Uwe"]
[Black "Rasmussen, Allan Stig"]
[Result "0-1"]
[BlackTitle "GM"]
[WhiteElo "2121"]
[BlackElo "2526"]
[WhiteFideId "4619552"]
[BlackFideId "1406000"]
[EventDate "2015.01.27"]

1. d4 Nf6 2. Nf3 d5 3. e3 c5 4. c3 e6 5. Bd3 Nbd7 6. Nbd2 b6 7. O-O Bb7 8. Qe2
Ne4 9. Bb5 a6 10. Ba4 Bd6 11. Bc2 f5 12. Nxe4 dxe4 13. Nd2 Qc7 14. h3 g6 15. f3
exf3 16. Nxf3 Nf6 17. Bd2 O-O-O 18. Be1 h6 19. Bd3 b5 20. a4 c4 21. Bc2 g5 22.
Nd2 g4 23. h4 Nh5 24. axb5 axb5 25. b3 Bh2+ 26. Kh1 Ng3+ 27. Bxg3 Bxg3 28. e4
Qe7 0-1

[Event "Gibraltar Masters 2015"]
[Site "Caleta ENG"]
[Date "2015.01.27"]
[Round "1.54"]
[White "Xu, Jun"]
[Black "Amgalanbaatar, Ravdanlkhumbuu"]
[Result "1-0"]
[WhiteTitle "GM"]
[WhiteElo "2523"]
[BlackElo "2117"]
[WhiteFideId "8600031"]
[BlackFideId "4900367"]
[EventDate "2015.01.27"]

1. c4 d6 2. Nc3 e5 3. Nf3 f5 4. g3 g6 5. Bg2 Bg7 6. O-O Nh6 7. d4 e4 8. Ne1 Nc6
9. Nc2 O-O 10. f3 exf3 11. exf3 a5 12. f4 Ng4 13. Re1 Nb4 14. Ne3 Nxe3 15. Bxe3
c6 16. Bf2 Bd7 17. Qd2 Re8 18. a3 Na6 19. Na4 Qc7 20. b4 Rxe1+ 21. Rxe1 axb4 22.
axb4 Re8 23. Rb1 b5 24. Nc3 bxc4 25. Qa2 Qb7 26. b5 Ra8 27. bxa6 Qxa6 28. Rb8+ 1-0